000 00681nam a2200241Ia 4500
003 OSt
005 20221006143946.0
006 a|||||r|||| 00| 0
007 ta
008 221006b |||||||| |||| 00| 0 eng d
020 _cP6.95
024 _a10,493
037 _cTextual
040 _aEASL
_cEASL
_beng
041 _2eng
_aeng
082 _aW:594.41.N7, L9
245 0 _aChinese armed forces today
_b The U.S. defense intelligence agency handbook of China's army, navy and air force
260 _aLondon
_bArms and Armour Press
_c1979
300 _a240p.
_ccm.
490 _v CEL
942 _hW:594.41.N7, L9
_cTEXL
_2CC
999 _c1078579
_d1078579